000 00571nam a2200193Ia 4500
003 GCL
008 140319s9999 xx 000 0 ara d
040 _aGCL /
_cGCL
082 0 4 _a848
_bج م
100 1 _aجيد، اندريه
245 1 0 _aمدرسة الزوجات /
_cجيد، اندريه
300 _a312 ص
490 _aالهيئة العامة للاستعلامات
_v0
650 0 4 _aالادب الفرنسى
650 0 4 _aالمذكرات
650 0 4 _aالمقالات الفرنسية
650 0 4 _aالزوجات - مذكرات
942 _2ddc
_cBK
999 _c50929
_d50929